00345nam a2200145Ia 4500003000500000008004100005020001800046040001900064082000700083100001700090245004200107260003000149300000800179546001200187STCL181203s9999 xx 000 0 und d a9781118846155 aSTCLbENcSTCL 222 aGullan, P.J. 4aThe Insects: An Outline of Entomology bWiley BlackwellaUKc2014 a595 aEnglish